[Event "IND-chT (Women)"]
[Site "Ahmedabad"]
[Date "2020.02.12"]
[Round "6.3"]
[White "Harshini, A."]
[Black "Divyabharathi, Masanam"]
[Result "1-0"]
[WhiteElo "2194"]
[BlackElo "1747"]
[PlyCount "89"]
[EventDate "2020.02.07"]
[EventType "team-swiss"]
[EventRounds "7"]
[EventCountry "IND"]
[SourceTitle "CBM 194 Extra"]
[Source "ChessBase"]
[SourceDate "2020.03.31"]
[SourceVersion "1"]
[SourceVersionDate "2020.03.31"]
[SourceQuality "1"]
[WhiteTeam "Tamil Nadu (W) II"]
[BlackTeam "Tamil Nadu (W)"]
[WhiteTeamCountry "IND"]
[BlackTeamCountry "IND"]

1. e4 c5 2. Nf3 Nc6 3. d4 cxd4 4. Nxd4 g6 5. Nc3 Bg7 6. Be3 Nf6 7. Bc4 0-0 8. Bb3 Ng4 9. Qxg4 Nxd4 10. Qd1 Nxb3 11. axb3 b6 12. Bd4 f6 13. h4 Bb7 14. h5 g5 15. h6 Bh8 16. Qg4 e6 17. Rh5 e5 18. Be3 Qe7 19. Nd5 Qe6 20. Qf3 Bxd5 21. exd5 e4 22. dxe6 exf3 23. exd7 fxg2 24. 0-0-0 Rfd8 25. f4 gxf4 26. Bxf4 Rxd7 27. Rg1 Kf7 28. Rxg2 Rg8 29. Rxg8 Kxg8 30. c4 Kf7 31. c5 bxc5 32. Rxc5 f5 33. Rxf5+ Ke6 34. Ra5 Bd4 35. Kc2 Kf6 36. Bd2 Bb6 37. Rh5 Bd4 38. Bc3 Kg6 39. Rh3 Bf6 40. Bxf6 Kxf6 41. Rg3 Re7 42. b4 Re5 43. Ra3 Kg6 44. Ra6+ Kg5 45. Ra5 1-0

[Event "IND-chT (Women)"]
[Site "Ahmedabad"]
[Date "2020.02.08"]
[Round "2.2"]
[White "Bhakti, Kulkarni"]
[Black "Divyabharathi, Masanam"]
[Result "1-0"]
[WhiteElo "2404"]
[BlackElo "1747"]
[PlyCount "75"]
[EventDate "2020.02.07"]
[EventType "team-swiss"]
[EventRounds "7"]
[EventCountry "IND"]
[SourceTitle "CBM 194 Extra"]
[Source "ChessBase"]
[SourceDate "2020.03.31"]
[SourceVersion "1"]
[SourceVersionDate "2020.03.31"]
[SourceQuality "1"]
[WhiteTeam "Air India (W)"]
[BlackTeam "Tamil Nadu (W)"]
[WhiteTeamCountry "IND"]
[BlackTeamCountry "IND"]

1. d4 d5 2. c4 e5 3. dxe5 d4 4. Nf3 Nc6 5. a3 Be6 6. e3 dxe3 7. Qxd8+ Rxd8 8. Bxe3 Nge7 9. Nc3 a6 10. Ng5 Nf5 11. Nxe6 fxe6 12. Bf4 Rd4 13. g3 Be7 14. Be2 0-0 15. 0-0 g5 16. Be3 Rdd8 17. Bc1 Nxe5 18. f4 Nd3 19. Bxd3 Rxd3 20. fxg5 Rd4 21. Re1 Kf7 22. Bf4 Rxc4 23. Rad1 Bd6 24. Re4 Rxe4 25. Nxe4 e5 26. Bd2 Ke6 27. Bc3 b6 28. Re1 Rf7 29. Kg2 Ne7 30. g6 Rf8 31. Ng5+ Kd5 32. gxh7 Ng6 33. Rd1+ Kc6 34. h4 Rh8 35. Rf1 Kd7 36. Rf7+ Ke8 37. Rg7 Nf8 38. Rg8 1-0

[Event "Wch U16 Girls"]
[Site "Mumbai"]
[Date "2019.10.10"]
[Round "9"]
[White "Juhasz, Judit"]
[Black "Divyabharathi, Masanam"]
[Result "1/2-1/2"]
[WhiteElo "2004"]
[BlackElo "1636"]
[PlyCount "68"]
[EventDate "2019.10.02"]
[EventType "swiss"]
[EventRounds "11"]
[EventCountry "IND"]
[SourceTitle "EXT 2020"]
[Source "ChessBase"]
[SourceDate "2019.10.17"]
[SourceVersion "1"]
[SourceVersionDate "2019.10.17"]
[SourceQuality "1"]

1. e4 c5 2. Nf3 g6 3. d4 cxd4 4. Nxd4 Bg7 5. Nc3 Nc6 6. Be3 Nf6 7. Bc4 0-0 8. Bb3 Ng4 9. Qxg4 Nxd4 10. Qd1 Nxb3 11. axb3 b6 12. h4 Bb7 13. h5 Qc7 14. Bd4 Rfd8 15. Bxg7 Kxg7 16. Qd4+ f6 17. 0-0-0 g5 18. h6+ Kh8 19. g3 Rac8 20. Rh5 d5 21. Qe3 dxe4 22. Rxd8+ Rxd8 23. Nxe4 Qe5 24. Nd2 Qxe3 25. fxe3 Kg8 26. Rh2 Kf7 27. Kd1 Bf3+ 28. Ke1 Bg4 29. Kf1 Kg6 30. Ke1 Kf5 31. Rf2+ Ke5 32. Rh2 Kf5 33. Rf2+ Ke5 34. Rh2 Kf5 1/2-1/2

[Event "IND-ch (Women) 46th"]
[Site "Managiri"]
[Date "2019.07.21"]
[Round "4"]
[White "Divyabharathi, Masanam"]
[Black "Varshini, Veileven"]
[Result "0-1"]
[WhiteElo "1730"]
[BlackElo "2087"]
[PlyCount "174"]
[EventDate "2019.07.19"]
[EventType "swiss"]
[EventRounds "11"]
[EventCountry "IND"]
[SourceTitle "EXT 2020"]
[Source "ChessBase"]
[SourceDate "2019.10.17"]
[SourceVersion "1"]
[SourceVersionDate "2019.10.17"]
[SourceQuality "1"]

1. e4 c5 2. Nf3 d6 3. d4 cxd4 4. Nxd4 Nf6 5. Nc3 a6 6. Be3 e6 7. Bd3 Be7 8. 0-0 Qc7 9. f3 Nbd7 10. Re1 0-0 11. Bf2 b5 12. a4 b4 13. Na2 d5 14. c3 dxe4 15. fxe4 Bd6 16. h3 bxc3 17. Nxc3 Ne5 18. Bf1 Qe7 19. Nf3 Nfd7 20. Kh1 Bb7 21. Be2 Rfd8 22. Qc2 Rac8 23. Rad1 Bb8 24. Qb3 Nxf3 25. Bxf3 Ne5 26. Be2 Ng6 27. Bb6 Rd6 28. Bg1 Nf4 29. Bf1 Nh5 30. Bh2 Rxd1 31. Rxd1 Ng3+ 32. Bxg3 Bxg3 33. Qb6 Ra8 34. a5 Be5 35. Bd3 g6 36. Bc2 Rb8 37. Qe3 Qb4 38. Na4 Qxa5 39. Nc5 Bc6 40. b3 Qb6 41. Qf2 Bb5 42. Nd3 Qxf2 43. Nxf2 Rc8 44. Bd3 Rc3 45. Bxb5 axb5 46. Rd3 b4 47. Kg1 Bg3 48. Rd8+ Kg7 49. Kf1 Rxb3 50. Nd3 Rb1+ 51. Ke2 b3 52. Rd7 Kf6 53. Rb7 Be5 54. Nc5 b2 55. Nd7+ Kg7 56. Nxe5 Rg1 57. Rxf7+ Kg8 58. Rb7 b1Q 59. Rxb1 Rxb1 60. Kf3 Kg7 61. Kf4 Rb2 62. g3 Rf2+ 63. Ke3 Rf8 64. Nd7 Rd8 65. Ne5 h5 66. h4 Kf6 67. Kf4 Rd1 68. Nf3 Rf1 69. e5+ Ke7 70. Ke4 Ra1 71. Ng5 Ra4+ 72. Kf3 Kd7 73. Nh7 Kc6 74. Nf8 Rg4 75. Nxe6 Kd5 76. Nf4+ Kxe5 77. Nd3+ Kf6 78. Nf4 Kf5 79. Nd5 Ra4 80. Ne7+ Kf6 81. Nd5+ Ke5 82. Nf4 Rxf4+ 83. gxf4+ Kf5 84. Ke3 Kg4 85. Ke4 Kxh4 86. f5 gxf5+ 87. Kf4 Kh3 0-1

[Event "IND-ch U15 Girls"]
[Site "Tiruchengode"]
[Date "2019.07.17"]
[Round "11"]
[White "Divyabharathi, Masanam"]
[Black "Mrudul, Dehankar"]
[Result "0-1"]
[WhiteElo "1730"]
[BlackElo "2074"]
[PlyCount "98"]
[EventDate "2019.07.09"]
[EventType "swiss"]
[EventRounds "11"]
[EventCountry "IND"]
[SourceTitle "EXT 2020"]
[Source "ChessBase"]
[SourceDate "2019.10.17"]
[SourceVersion "1"]
[SourceVersionDate "2019.10.17"]
[SourceQuality "1"]

1. e4 c5 2. Nf3 d6 3. d4 cxd4 4. Nxd4 Nf6 5. Nc3 a6 6. Be3 e6 7. a4 Qc7 8. Be2 Be7 9. 0-0 b6 10. f4 Bb7 11. Bf3 Nbd7 12. Qe2 0-0 13. Rfd1 Rfd8 14. Bf2 Nc5 15. Bg3 Rac8 16. Qe3 g6 17. Kh1 Ne8 18. e5 Ng7 19. Bf2 Bxf3 20. Nxf3 d5 21. Nd4 Nd7 22. g4 Bc5 23. Qe2 Bxd4 24. Rxd4 f6 25. Bg3 fxe5 26. fxe5 Qc5 27. Bf2 Qe7 28. Bg3 Nb8 29. Rf1 Rf8 30. Rdf4 g5 31. Rf6 Nd7 32. Rxf8+ Rxf8 33. Qxa6 Qb4 34. Rxf8+ Nxf8 35. Qb5 Qxg4 36. Qe2 Qb4 37. Qb5 Qd4 38. Qe2 Nf5 39. Bf2 Qb4 40. Qb5 Qf4 41. Qxb6 d4 42. Nd1 Qf3+ 43. Kg1 Qxd1+ 44. Kg2 Qe2 45. Kg1 Ne3 46. Bxe3 dxe3 47. Qb5 Qf2+ 48. Kh1 e2 49. Qb4 Qf1# 0-1

[Event "IND-ch U15 Girls"]
[Site "Tiruchengode"]
[Date "2019.07.15"]
[Round "9"]
[White "Divyabharathi, Masanam"]
[Black "Jain, Nityata"]
[Result "1/2-1/2"]
[WhiteElo "1730"]
[BlackElo "2135"]
[PlyCount "79"]
[EventDate "2019.07.09"]
[EventType "swiss"]
[EventRounds "11"]
[EventCountry "IND"]
[SourceTitle "EXT 2020"]
[Source "ChessBase"]
[SourceDate "2019.10.17"]
[SourceVersion "1"]
[SourceVersionDate "2019.10.17"]
[SourceQuality "1"]

1. e4 e5 2. Nf3 Nf6 3. Nc3 Nc6 4. Bc4 Nxe4 5. Nxe4 d5 6. Bxd5 Qxd5 7. Nc3 Qd8 8. h3 Bd6 9. d4 exd4 10. Nxd4 Nxd4 11. Qxd4 Bf5 12. Be3 0-0 13. 0-0-0 Qd7 14. Bf4 Rfd8 15. Bxd6 cxd6 16. f4 f6 17. Rhe1 Bg6 18. Re2 Rac8 19. Qxa7 Rc4 20. Rd4 Rdc8 21. Rxc4 Rxc4 22. Rd2 Rxf4 23. Qb8+ Kf7 24. Rxd6 Qe7 25. Nd1 Rf1 26. Qd8 Qxd8 27. Rxd8 Be4 28. Kd2 Bxg2 29. Ne3 Rg1 30. Nxg2 Rxg2+ 31. Kc3 Rg3+ 32. Rd3 Rxd3+ 33. Kxd3 g5 34. a4 Ke6 35. b4 f5 36. c4 g4 37. hxg4 fxg4 38. Ke3 Kd6 39. Kf4 h5 40. a5 1/2-1/2

[Event "IND-ch U19 Girls"]
[Site "New Delhi"]
[Date "2018.11.29"]
[Round "2"]
[White "Priyanka, Nutakki"]
[Black "Divyabharathi, Masanam"]
[Result "1-0"]
[WhiteElo "2293"]
[BlackElo "1692"]
[PlyCount "89"]
[EventDate "2018.11.28"]
[EventType "swiss"]
[EventRounds "11"]
[EventCountry "IND"]
[SourceTitle "CBM 187 Extra"]
[Source "ChessBase"]
[SourceDate "2018.11.04"]
[SourceVersion "1"]
[SourceVersionDate "2018.11.04"]
[SourceQuality "1"]

1. c4 e5 2. Nc3 Nf6 3. Nf3 Nc6 4. e3 d5 5. cxd5 Nxd5 6. Bb5 Nxc3 7. bxc3 e4 8. Nd4 Bd7 9. 0-0 Ne5 10. f4 Bxb5 11. Nxb5 Nd3 12. Qa4 Nc5 13. Qd4 f6 14. Ba3 c6 15. Bxc5 Qxd4 16. exd4 cxb5 17. Bxf8 Kxf8 18. Rab1 a6 19. Rfe1 f5 20. a4 b6 21. axb5 a5 22. d3 exd3 23. Rbd1 Kf7 24. Re5 g6 25. Rxd3 Rac8 26. Kf2 Rc4 27. Rde3 Rhc8 28. Re7+ Kg8 29. Rb7 Rxc3 30. Rxb6 R3c4 31. Rd6 Rb8 32. b6 Rb4 33. Re7 R4xb6 34. Rdd7 Rf6 35. d5 a4 36. Rg7+ Kh8 37. Rxh7+ Kg8 38. Rdg7+ Kf8 39. Ra7 Kg8 40. Rhg7+ Kf8 41. Rgd7 Ke8 42. Rh7 Rd8 43. d6 a3 44. Rh8+ Rf8 45. Re7# 1-0

[Event "IND-ch U15 Girls"]
[Site "Kolkata"]
[Date "2018.07.20"]
[Round "6"]
[White "Bhagyashree, Patil"]
[Black "Divyabharathi, Masanam"]
[Result "1-0"]
[WhiteElo "1836"]
[BlackElo "1644"]
[PlyCount "119"]
[EventDate "2018.07.17"]
[EventType "swiss"]
[EventRounds "11"]
[EventCountry "IND"]
[SourceTitle "CBM 186 Extra"]
[Source "ChessBase"]
[SourceDate "2018.08.24"]
[SourceVersion "1"]
[SourceVersionDate "2018.08.24"]
[SourceQuality "1"]

1. e4 c5 2. Nf3 g6 3. d4 cxd4 4. Nxd4 Bg7 5. Be3 Nc6 6. Nc3 Nf6 7. Bc4 0-0 8. Bb3 a6 9. f3 b5 10. Qd2 Bb7 11. 0-0 Qc7 12. Rfd1 d6 13. Qf2 Ne5 14. a4 b4 15. Na2 a5 16. c3 bxc3 17. Nxc3 Bc6 18. Ncb5 Qb7 19. Rac1 Bxb5 20. Nxb5 Rac8 21. Bf4 Ned7 22. Be3 Ne5 23. Qd2 Nc6 24. Rc4 Nd7 25. Rdc1 Nde5 26. R4c2 Qd7 27. Bb6 Ra8 28. f4 Rab8 29. Be3 Nd3 30. Rxc6 Nxc1 31. Rxc1 Rfc8 32. Bc4 Qg4 33. h3 Qd7 34. b3 Qd8 35. Qd5 Qe8 36. Ba7 Ra8 37. Bb6 Qf8 38. Nc7 Rab8 39. Bxa5 e6 40. Qd2 Bh6 41. Nxe6 fxe6 42. Bxe6+ Kh8 43. Bxc8 Rxc8 44. Rxc8 Qxc8 45. Bc3+ Kg8 46. Qd5+ Kf8 47. Qxd6+ Kf7 48. Qf6+ Ke8 49. Kh2 Bxf4+ 50. Qxf4 Qxc3 51. Qb8+ Kf7 52. b4 g5 53. a5 g4 54. Qf4+ Ke7 55. Qg5+ Ke8 56. Qh5+ Kd8 57. Qg5+ Ke8 58. Qxg4 Qxb4 59. Qe6+ Kf8 60. a6 1-0